Καληνύχτα Μαργαρίτα

Saved in:
Bibliographic Details
Main Author: Σταύρου, Γεράσιμος, 1921-
Format: Book
Language:Greek
Published: Αθήνα : Κέδρος, c1971
Edition:13η εκδ.
Subjects:
Tags: Add Tag
No Tags, Be the first to tag this record!

MARC

LEADER 00000cam a2200000 i 4500
001 1/33969
008 960805s1971 gr ||| | gre||
020 |a 9600404240 
035 |1 ΕΛΗ  |a 1996  |b 2607  |c ΒΙΒΛΙΟΘΗΚΗ  |l 10039513 
040 |a GR-MY-UA  |b gre  |e aacr 
041 0 |a gre 
082 0 |a 889.2 
100 1 |a Σταύρου, Γεράσιμος,   |d 1921- 
245 1 0 |a Καληνύχτα Μαργαρίτα /   |c Γεράσιμος Σταύρου. 
250 |a 13η εκδ. 
260 |a Αθήνα :   |b Κέδρος,   |c c1971 
300 |a 118 σ.;   |c 19 εκ. 
650 0 0 |a Greek drama. 
852 |a INST  |b SAMOS  |e 19960805  |h 889.2 ΣΤΑ  |p 005300008384  |q 005300008384  |t BK  |y 0 
901 |a BIBL-1997-2 
909 |a Σ  |b 049843